<?xml version="1.0" encoding="UTF-8"?>
<collection xmlns:xsi="http://www.w3.org/2001/XMLSchema-instance" xsi:schemaLocation="http://www.loc.gov/MARC21/slim http://www.loc.gov/standards/marcxml/schema/MARC21slim.xsd" xmlns="http://www.loc.gov/MARC21/slim">
 <record>
  <leader>00000cam a22000003i 4500</leader>
  <controlfield tag="001">UP-1685594773862118001</controlfield>
  <controlfield tag="003">Buklod</controlfield>
  <controlfield tag="005">20231013133134.0</controlfield>
  <controlfield tag="006">g||| |     ||   ||</controlfield>
  <controlfield tag="007">ta</controlfield>
  <controlfield tag="008">180507s2017    xx ab   rb   |||| u|eng d</controlfield>
  <datafield tag="020" ind1=" " ind2=" ">
   <subfield code="a">9789710579372</subfield>
  </datafield>
  <datafield tag="035" ind1=" " ind2=" ">
   <subfield code="a">(iLib)UPBAG-00031428186</subfield>
  </datafield>
  <datafield tag="040" ind1=" " ind2=" ">
   <subfield code="a">BAG</subfield>
   <subfield code="e">rda</subfield>
  </datafield>
  <datafield tag="041" ind1="0" ind2=" ">
   <subfield code="a">eng</subfield>
  </datafield>
  <datafield tag="090" ind1=" " ind2="0">
   <subfield code="a">DS 666 I15</subfield>
   <subfield code="b">I38 2017</subfield>
  </datafield>
  <datafield tag="245" ind1="0" ind2="0">
   <subfield code="a">Ifugao</subfield>
   <subfield code="b">people of the earth</subfield>
   <subfield code="c">editor, Delfin Tolentino, Jr. ; writers, Leah Enkiwe-Abayao, Marlon Martin, Analyn Salvador-Amores, Delfin Tolentino, Jr. ; photographer, Jacob Maentz ; copy editor, Jose Victor Penaranda ; book and design development, Tina Colayco ; design and production manager, Melody Gocheco Wigforss ; publication manager, Renee Ann Puno ; project coordinator, Sabrina Anne Gloria.</subfield>
  </datafield>
  <datafield tag="264" ind1=" " ind2="4">
   <subfield code="a">[Place of publication not identified]</subfield>
   <subfield code="b">produced, designed, and published by ArtPostAsia Inc. in partnership with Aboitiz</subfield>
   <subfield code="c">[2017]</subfield>
  </datafield>
  <datafield tag="300" ind1=" " ind2=" ">
   <subfield code="a">180 pages</subfield>
   <subfield code="b">illustrations (chiefly color), maps</subfield>
   <subfield code="c">27 cm</subfield>
  </datafield>
  <datafield tag="336" ind1=" " ind2=" ">
   <subfield code="a">text</subfield>
   <subfield code="2">rdacontent</subfield>
  </datafield>
  <datafield tag="337" ind1=" " ind2=" ">
   <subfield code="a">unmediated</subfield>
   <subfield code="2">rdamedia</subfield>
  </datafield>
  <datafield tag="338" ind1=" " ind2=" ">
   <subfield code="a">volume</subfield>
   <subfield code="2">rdacarrier</subfield>
  </datafield>
  <datafield tag="504" ind1=" " ind2=" ">
   <subfield code="a">Includes bibliographical references (page 171)</subfield>
  </datafield>
  <datafield tag="505" ind1="0" ind2="0">
   <subfield code="a">Ifugao : the land and its people / Delfin Tolention, Jr. and Leah Enkiwe-Abayao -- Mortals and divinities, feasts and sacrifice : mythology and the Ifugao ritual system / Analyn Salvador-Amores and Marlon Martin -- Covenant between mortals and the divine : the ritual specialists as mediators / Analyn Salvador-Amores and Marlon Martin -- Ritual icons and paraphernalia / Delfin Tolentino, Jr. -- Ritual life in contemporary times : transformations and resilience / Marlon Martin and Leah Enkiwe-Abayao.</subfield>
  </datafield>
  <datafield tag="650" ind1=" " ind2="0">
   <subfield code="a">Ifugaos (Philippine people)</subfield>
   <subfield code="x">Social life and customs.</subfield>
  </datafield>
  <datafield tag="650" ind1=" " ind2="0">
   <subfield code="a">Ifugao</subfield>
   <subfield code="x">Description and travel.</subfield>
  </datafield>
  <datafield tag="650" ind1=" " ind2="0">
   <subfield code="a">Ifugaos (Philippine people)</subfield>
   <subfield code="x">Rites and ceremonies.</subfield>
  </datafield>
  <datafield tag="700" ind1="1" ind2=" ">
   <subfield code="a">Tolentino, Delfin L.</subfield>
   <subfield code="b">Jr.</subfield>
   <subfield code="e">editor.</subfield>
  </datafield>
  <datafield tag="700" ind1="1" ind2=" ">
   <subfield code="a">Abayao, Leah Enkiwe</subfield>
   <subfield code="e">writer.</subfield>
  </datafield>
  <datafield tag="700" ind1="1" ind2=" ">
   <subfield code="a">Martin, Marlon</subfield>
   <subfield code="e">writer.</subfield>
  </datafield>
  <datafield tag="700" ind1="1" ind2=" ">
   <subfield code="a">Salvador-Amores, Analyn</subfield>
   <subfield code="e">writer.</subfield>
  </datafield>
  <datafield tag="700" ind1="1" ind2=" ">
   <subfield code="a">Maentz, Jacob</subfield>
   <subfield code="e">photographer.</subfield>
  </datafield>
  <datafield tag="700" ind1="1" ind2=" ">
   <subfield code="a">Penaranda, Jose Victor</subfield>
   <subfield code="e">copy editor.</subfield>
  </datafield>
  <datafield tag="700" ind1="1" ind2=" ">
   <subfield code="a">Colayco, Tina</subfield>
   <subfield code="e">book designer.</subfield>
  </datafield>
  <datafield tag="700" ind1="1" ind2=" ">
   <subfield code="a">Wigforss, Melody Gocheco</subfield>
   <subfield code="e">production manager.</subfield>
  </datafield>
  <datafield tag="700" ind1="1" ind2=" ">
   <subfield code="a">Puno, Renee Ann</subfield>
   <subfield code="e">publication manager.</subfield>
  </datafield>
  <datafield tag="700" ind1="1" ind2=" ">
   <subfield code="a">Gloria, Sabrina Ann</subfield>
   <subfield code="e">project coordinator.</subfield>
  </datafield>
  <datafield tag="905" ind1=" " ind2=" ">
   <subfield code="a">FI</subfield>
  </datafield>
  <datafield tag="852" ind1="0" ind2=" ">
   <subfield code="a">UPBAG</subfield>
   <subfield code="b">MK</subfield>
   <subfield code="h">DS 666 I15 I38 2017</subfield>
  </datafield>
  <datafield tag="852" ind1="0" ind2=" ">
   <subfield code="a">UPBAG</subfield>
   <subfield code="b">UPBAG-MAIN</subfield>
   <subfield code="h">DS 666 I15 I38 2017</subfield>
  </datafield>
  <datafield tag="942" ind1=" " ind2=" ">
   <subfield code="a">Book</subfield>
  </datafield>
 </record>
</collection>
